Flughafencodes Afrika #1 - Statistiken

Allgemein
  • Dieses Quiz wurde 45 mal gespielt
  • Das Durchschnittsergebnis liegt bei 15 aus 15
Antwortstatistiken
Hint Antwort % Korrekt
Accra ACC
100%
Durban DUR
100%
Johannesburg JNB
100%
Ouagadougou OUA
100%
Tripolis TIP
100%
Tunis TUN
100%
Windhoek WDH
100%
Addis Abeba ADD
97%
Agadir AGA
97%
Kairo CAI
97%
Mauritius MRU
97%
Nairobi NBO
97%
Scharm asch-Schaich SSH
97%
Casablanca CMN
86%
Sansibar ZNZ
81%
Keine übereinstimmenden Quizze gefunden
Verteilung der Resultate
Anzahl Personen mit jedem Resultat
Perzentil nach korrekt beantworteten Fragen
Ihre Resultats-Entwicklung
Sie haben dieses Quiz noch nicht gespielt